00311 2200121 4500001002100000005001500021035002400036090002100060245004700081260003300128300001800161990001000179YOGYA00000000007856620140823094614 0010-081400000078283 a899.23 Pra A (1) aAnak2 Dusun SituluhurcSuwarna Pragolapati aJakartabBalai Pustakac1978 a90hlm.b21cm. a466-P